000 00897nam a2200253 a 4500
001 000026048
005 20240523175921.0
008 110225s1981 ck a r 000 0 spa d
020 _a9589196896
040 _aDO-SdBNP
_bspa
_cBNPHUH
082 _a181
_bG982s
100 1 _aGustav Jung, Carl,
_d1875-1961
_952986
245 1 0 _aEl secreto de la flor de oro :
_bUn libro de la vida chino /
_cCarl Gustav Jung, Richard Wilhelm ; prefacio C G Jung.
260 _aSantafé de Bogotá, (Colombia) :
_bEditorial Solar,
_c1981?
300 _a168, [8] p. :
_bil. ;
_c21 cm.
504 _aIncluye referencias bibliográficas
500 _aIncluye notas al pie de las páginas
650 4 _aFilosofía china
_952987
650 0 _a Filosofía asiática
_941706
650 4 _aFilosofía antigua
_91215
700 1 _aWilhelm, Richard,
_d1873-1930
_952988
700 1 _aJung, Carl G.
_952989
049 _aBNGR
999 _c25540
_d25540